000 00666cam a2200265 i 4500
001 0000453
003 DO-SdBNP
005 20171213074615.0
007 0000453
008 100514s 2008 sp | |||| 000 f spa
015 _a
017 _a
_b
020 _a9788461272228
035 _a
040 _aBPMSU
_bspa
_cBPMSU
_e
080 _a
100 1 _aLimiñana Espada, Francisco
245 1 3 _aEl abrazo imperfecto /
_cFrancisco Limiñana Espada
250 _a12a. ed.
260 _aMadrid :
_bEdición personal,
_c2008.
300 _a118 p.:
_c22 cm
942 _2ddc
_cBK
945 _ainventariado extranjero / DG
956 _aYLOCKWARD
_810
_cBPMSU
999 _c10607
_d10607